Resultado de la evaluación ambiental (Registro nro. 303776)
[ vista simple ]
| 000 -ENCABEZADO | |
|---|---|
| Número de control [NR] | 00972 a2200241 4500 |
| 005 - FECHA Y HORA DE LA ÚLTIMA TRANSACCIÓN | |
| control field | 20160721125000.0 |
| 008 - DE LONGITUD FIJA DE DATOS DE ELEMENTOS - INFORMACIÓN GENERAL | |
| Elementos de longitud fija [NR] | 160721s2015 ck ad||fr|||| 000 0 spa d |
| 020 ## - NUMERO INTERNACIONAL NORMALIZADO PARA LIBROS [R] | |
| Número Internacional Normalizado del libro [NR] | 9789588517285 |
| 040 ## - FUENTE DE CATALOGACION [NR] | |
| Agencia de catalogación original [NR] | CO-BoUCM |
| Idioma de catalogación [NR] | spa |
| Quien Cataloga | Sandra Palacio |
| Quien Clasifica | Sandra Palacio |
| 041 0# - CODIGO DE IDIOMA [R] | |
| Código de idioma para texto/pista de sonido o título separado [R] | Español |
| 100 1# - ASIENTO PRINCIPAL--NOMBRE PERSONAL [NR] | |
| Nombre personal [NR] | Cañon R., Dora María |
| ID Autoridad | 78279 |
| 245 ## - MENCION DE TITULO [NR] | |
| Título [NR] | Resultado de la evaluación ambiental |
| Parte restante del título [NR] | en una pyme de distribución y comercialización de productos químicos |
| Mención de responsabilidad, etc. [NR] | Dora María Cañon R. |
| 260 ## - PUBLICACION, DISTRIBUCION, ETC. (PIE DE IMPRENTA) [R] | |
| Nombre del editor, distribuidor, etc. [R] | Universidad de América |
| Fecha de publicación, distribución, etc. [R] | 2015 |
| Lugar de publicación, distribución, etc. [R] | Bogotá (Colombia) |
| 300 ## - DESCRIPCION FISICA [R] | |
| Extensión [R] | 61 páginas |
| Otros detalles físicos [NR] | ilustraciones, tablas |
| 490 0# - MENCION DE SERIE [R] | |
| Mención de serie [R] | Apuntes de clase |
| 504 ## - NOTA DE BIBLIOGRAFIA, ETC. [R] | |
| Nota de bibliografía, etc. [NR] | Incluye referencias bibliográficas |
| 650 #7 - ASIENTO SECUNDARIO DE MATERIA - TERMINO TEMATICO [R] | |
| 9 (RLIN) | 15305 |
| Término temático o nombre geográfico como elemento de entrada [NR] | Evaluación ambiental |
| 650 #7 - ASIENTO SECUNDARIO DE MATERIA - TERMINO TEMATICO [R] | |
| 9 (RLIN) | 17973 |
| Término temático o nombre geográfico como elemento de entrada [NR] | Investigación ambiental |
| Subdivisión general [R] | Análisis de riesgos |
| 650 #7 - ASIENTO SECUNDARIO DE MATERIA - TERMINO TEMATICO [R] | |
| 9 (RLIN) | 22464 |
| Término temático o nombre geográfico como elemento de entrada [NR] | Productos químicos |
| Subdivisión general [R] | Impactos ambientales |
| 690 ## - ASUNTO AGREGADO LOCAL DE ENTRADA - TÉRMINO TEMÁTICO (OCLC, RLIN) | |
| Acceso temático local | Medio ambiente |
| 9 (RLIN) | 19225 |
| 942 ## - ELEMENTOS DE ENTRADA AGREGADOS (KOHA) | |
| Tipo de ítem principal el descrito en 300a | Libro |
| Sistema de clasificación | DEWEY |
| Tema principal | Economía |
| Edición | 1 |
| Clasificación | 338.642 |
| Parte restante de la signatura top. | C212re |
| Total préstamos | Signatura topográfica | Código de barras | Última vez visto | Ejemplar | Costo de reposición | Price effective from | Tipo de ítem | Perdido | Sistema de clasificación | Dañado | No prestable | Tipo de ítem específico | Suprimido | Ubicación habitual | Ubicación actual | Localización | Fecha de creación | Proveedor | Forma de adquisición | Costo |
|---|---|---|---|---|---|---|---|---|---|---|---|---|---|---|---|---|---|---|---|---|
| 338.642 C212re | 100149912 | 03/12/2025 | Ej.1 | 26000.00 | 13/07/2016 | Libro | DEWEY | Libro | Claustro | Claustro | Mezanine | 13/07/2016 | 12 | Donación | 0.00 |